000 00304nam a22001217a 4500
008 251013b |||||||| |||| 00| 0 eng d
020 _a0-07-100804-7
100 _aH. F. Korth
245 _aDatabase System Concepts 2nd Ed.
260 _aNew Delhi
_bMcGraw Hill
_c1991
300 _a694
942 _2ddc
_cBK
999 _c21557
_d21557